Synopsis in Preventive and Social Medicine (Record no. 155240)

MARC details
000 -LEADER
fixed length control field 00367nam a2200133Ia 4500
008 - FIXED-LENGTH DATA ELEMENTS--GENERAL INFORMATION
fixed length control field 230411s9999 xx 000 0 und d
041 ## - LANGUAGE CODE
Language code of text/sound track or separate title eng
082 ## - DEWEY DECIMAL CLASSIFICATION NUMBER
Classification number CH/610.7343/BHA/B04630
100 ## - MAIN ENTRY--PERSONAL NAME
Personal name Bhalerao Vijaya
245 ## - TITLE STATEMENT
Title Synopsis in Preventive and Social Medicine
260 ## - PUBLICATION, DISTRIBUTION, ETC. (IMPRINT)
Name of publisher, distributor, etc. National Book Depot
Place of publication, distribution, etc. New Delhi
Date of publication, distribution, etc. 2004
300 ## - PHYSICAL DESCRIPTION
Extent 159p
Holdings
Withdrawn status Lost status Damaged status Not for loan Collection code Home library Current library Date acquired Vendor Cost, normal purchase price Bill number Total Checkouts Full call number Barcode Date last seen Cost, replacement price Bill Date Koha item type Original Barcode
          Smt. Bakul Tambat Institute of Nursing Education Smt. Bakul Tambat Institute of Nursing Education 18/12/2007 M.K.S.S.S I.N.E.Ratnagiri. 90.00 1037   CH 610.7343 BHA B04630 BTIN-BK-4630 11/04/2023 90.00 27/01/2005 Books B04630